header

Building teachers' capacity for success (Record no. 22913)

MARC details
000 -LEADER
fixed length control field 01337nam a2200313Ia 4500
100 1# - MAIN ENTRY--AUTHOR NAME
Personal name Hall, Peter A.,
245 10 - TITLE STATEMENT
Title Building teachers' capacity for success
260 ## - PUBLICATION, DISTRIBUTION, ETC. (IMPRINT)
Place of publication Alexandria, Va. :
Name of publisher Association for Supervision and Curriculum Development,
Year of publication c2008.
300 ## - PHYSICAL DESCRIPTION
Number of Pages xi, 196 p. :
Other physical details ill.
650 #0 - SUBJECT ADDED ENTRY--TOPICAL TERM
Topical Term School improvement programs
Topical Term Teacher-administrator relationships
700 1# - ADDED ENTRY--PERSONAL NAME
Personal name Simeral, Alisa.
856 40 - ELECTRONIC LOCATION AND ACCESS
Uniform Resource Identifier http://site.ebrary.com/lib/rucke/Doc?id=10272041

No items available.

© 2026 Rongo University
Contact us: librarian | system librarian | Rongo university